000 00337cam a2200145ua 4500
041 _aeng
_h
082 _a370.15
_bBOA/ED
100 _aBoax, G.D .
245 _aeducational psychology /
_cBoax. G.D.
_hTextual Documents
260 _a :
_bBoax G.D ,
_c1958.
300 _a303 ; .
504 _a
942 _cBK
999 _c12439
_d12439